| Tag |
First Indicator |
Second Indicator |
Subfields |
| LEADER |
00000cgm a2200000Mi 4500 |
| 001 |
in00005515607 |
| 006 |
m o c |
| 007 |
vz |za||| |
| 007 |
cr |za|||||||| |
| 008 |
200123s2020 cau--- f o vleng d |
| 005 |
20241105203135.2 |
| 035 |
|
|
|a (OCoLC)on1144996248
|
| 040 |
|
|
|a SGPBL
|b eng
|e rda
|e pn
|c SGPBL
|d OCLCO
|d OCLCF
|d OCLCO
|
| 020 |
|
|
|a 9781071809778
|q (streaming video)
|
| 020 |
|
|
|a 1071809776
|
| 035 |
|
|
|a (OCoLC)1144996248
|
| 041 |
0 |
|
|j eng
|
| 050 |
|
4 |
|a LB1060.2
|b .B44 2020
|
| 082 |
0 |
4 |
|a 370.1528
|
| 049 |
|
|
|a TXAM
|
| 245 |
0 |
0 |
|a Behavior management strategies.
|
| 264 |
|
1 |
|a Los Angeles, CA :
|b SAGE Publications, Inc,
|c 2020.
|
| 300 |
|
|
|a 1 online resource (1 video file (00:03:22)) :
|b sound, colour
|
| 336 |
|
|
|a two-dimensional moving image
|b tdi
|2 rdacontent
|
| 337 |
|
|
|a computer
|b c
|2 rdamedia
|
| 337 |
|
|
|a video
|b v
|2 rdamedia
|
| 338 |
|
|
|a online resource
|b cr
|2 rdacarrier
|
| 511 |
0 |
|
|a Practitioner, Robert Decandia.
|
| 520 |
8 |
|
|a Robert Decandia and Adam Underberger discuss strategies and tips for behavior management in the classroom.
|
| 546 |
|
|
|a Closed-captions in English.
|
| 588 |
|
|
|a Description based on XML content.
|
| 650 |
|
0 |
|a Behavior modification.
|
| 650 |
|
0 |
|a Children
|x Conduct of life.
|
| 650 |
|
6 |
|a Modification du comportement.
|
| 650 |
|
6 |
|a Enfants
|x Morale pratique.
|
| 650 |
|
7 |
|a Behavior modification.
|2 fast
|0 (OCoLC)fst00829918
|
| 650 |
|
7 |
|a Children
|x Conduct of life.
|2 fast
|0 (OCoLC)fst00854871
|
| 700 |
1 |
|
|a Decandia, Robert,
|e Practitioner.
|
| 700 |
1 |
|
|a Underberger, Adam,
|e speaker.
|
| 856 |
4 |
0 |
|u http://proxy.library.tamu.edu/login?url=https://sk.sagepub.com/video/behavior-management-strategies
|z Connect to the streaming video
|t 0
|
| 955 |
|
|
|a SAGE Knowledge Video Education 2020 Update
|
| 994 |
|
|
|a 92
|b TXA
|
| 999 |
f |
f |
|s e1f23018-82c4-4799-b028-acc5d9034d6a
|i 90b3edb0-5814-469e-833a-8c1115d3c892
|t 0
|
| 952 |
f |
f |
|a Texas A&M University
|b College Station
|c Electronic Resources
|d Available Online
|t 0
|e LB1060.2 .B44 2020
|h Library of Congress classification
|
| 998 |
f |
f |
|a LB1060.2 .B44 2020
|t 0
|l Available Online
|